| 000 | 00782 a2200217 4500 | ||
|---|---|---|---|
| 003 | UA-OsUOA | ||
| 005 | 20260304115945.0 | ||
| 008 | 260227b un ||||| |||| 00| 0 ukr d | ||
| 020 | _a9786178120313 | ||
| 040 |
_bukr _cUA-OsUOA |
||
| 080 | _a316.6+177.5 | ||
| 090 |
_a316.6+177.5 _bС56 |
||
| 100 |
_aСовелл Т. _923315 |
||
| 245 |
_aДискримінація і нерівність _cТомас Совелл : пер. з англ. Надія Дайнека |
||
| 260 |
_aК. _bНаш Формат _c2023 |
||
| 300 | _a296 с. | ||
| 650 |
_a316.6 Соціальна психологія _918300 |
||
| 942 |
_cBK _2udc |
||
| 955 | _a4 | ||
| 999 |
_c579728 _d579728 |
||